La venta de las `Res Divini Iuris` en el Derecho Romano tardío / (Record no. 112759)

MARC details
000 -LEADER
campo de control de longitud fija 00748nam a2200205 4500
001 - NÚMERO DE CONTROL
campo de control 112759
003 - IDENTIFICADOR DE NÚMERO DE CONTROL
campo de control ES-MaACL
005 - FECHA Y HORA DE LA ÚLTIMA TRANSACCIÓN
campo de control 20230906185624.0
007 - CAMPO FIJO DE DESCRIPCIÓN FÍSICA--INFORMACIÓN GENERAL
campo de control de longitud fija t|
008 - DATOS DE LONGITUD FIJA--INFORMACIÓN GENERAL
campo de control de longitud fija 061121s1971 sp r ||||1| spa d
100 1# - ENTRADA PRINCIPAL--NOMBRE DE PERSONA
Nombre de persona Murga Gener, José Luis.
9 (RLIN) 84571
245 13 - MENCIÓN DEL TÍTULO
Título La venta de las `Res Divini Iuris` en el Derecho Romano tardío /
Mención de responsabilidad, etc. José Luis Murga Gener.
260 ## - PUBLICACIÓN, DISTRIBUCIÓN, ETC.
Lugar de publicación, distribución, etc. Santigo de Compostela :
Nombre del editor, distribuidor, etc. Universidad,
Fecha de publicación, distribución, etc. 1971.
300 ## - DESCRIPCIÓN FÍSICA
Extensión 101 p. ;
Dimensiones 24 cm.
490 1# - MENCIÓN DE SERIE
Mención de serie Monografías de la Universidad de Santiago de Compostela ;
Designación de volumen o secuencia 4
710 2# - ENTRADA AGREGADA--NOMBRE DE ENTIDAD CORPORATIVA
Nombre de entidad corporativa o nombre de jurisdicción como elemento de entrada Universidad de Santiago de Compostela.
9 (RLIN) 7294
830 0# - PUNTO DE ACCESO ADICIONAL DE SERIE-TÍTULO UNIFORME
Título uniforme Monografías de la Universidad de Santiago de Compostela ;
Designación de volumen o secuencia 4
9 (RLIN) 181904
852 ## - LOCALIZACIÓN
Ubicación ES-MaACL
Número de control de estantería C-44482
Sublocalización o colección R.77478
Holdings
Estatus retirado Estado de pérdida Estado de daño No para préstamo Biblioteca de origen Biblioteca actual Ubicación en estantería Fecha de adquisición Fuente de adquisición Total de préstamos Signatura topográfica completa Código de barras Visto por última vez Precio de reemplazo Tipo de ítem Koha
        Biblioteca del Ateneo de Madrid Biblioteca del Ateneo de Madrid Depósito 2 17/01/2008     C-44482 1117617 23/02/2023 23/02/2023 Libro impreso